Normal view
MARC view
- Syed Muhammad Mian
Entry Personal Name
001 - CONTROL NUMBER
- control field: 79438
003 - CONTROL NUMBER IDENTIFIER
- control field: NUST
005 - DATE AND TIME OF LATEST TRANSACTION
- control field: 20210628210438.0
008 - FIXED-LENGTH DATA ELEMENTS
- fixed length control field: 210628|| aca||aabn | a|a d
040 ## - CATALOGING SOURCE
- Original cataloging agency: NUST
- Transcribing agency: NUST
100 ## - HEADING--PERSONAL NAME
- Personal name: Syed Muhammad Mian
670 ## - SOURCE DATA FOUND
- Source citation: Work cat.: (NUST): Syed Muhammad Mian, Doar hazir kay siayasi-o-iqtasadi misayal aur islami talemaat-o-irshadaat, 1999
